00614nam a22002057a 4500003000400000005001700004008004100021010001300062020002600075024001100101037000800112040005300120050001200173082001200185245005500197260004500252270006800297300002400365700001900389dpl20260418140101.0260418b |||||||| |||| 00| 0 eng d aB-777964 a9799359599311c350.00 c350.00 adpl aMalyala Manorama Press cMalyala Manorama Press  a050 MAN a050 MAN aManorama Yearbook 2026/cEdited by Mathew, Mammen  aKottayam bMalyala Manorama Press c2026 aMalyala Manorama Press bKottayam e686001mybfeedback@mm.co.in a1008p.c22 cm (pbk) aPhilip Mathew